Ceza hukuku bilgisi : (Record no. 200001391)

MARC details
000 -LEADER
fixed length control field 01318cam a2200385 i 4500
001 - CONTROL NUMBER
control field 200001391
003 - CONTROL NUMBER IDENTIFIER
control field TR-AnTOB
005 - DATE AND TIME OF LATEST TRANSACTION
control field 20250123151250.0
007 - PHYSICAL DESCRIPTION FIXED FIELD--GENERAL INFORMATION
fixed length control field ta
008 - FIXED-LENGTH DATA ELEMENTS--GENERAL INFORMATION
fixed length control field 111206s2010 tu b 000 0 tur d
020 ## - INTERNATIONAL STANDARD BOOK NUMBER
International Standard Book Number 9789750211065
Qualifying information (paperback)
035 ## - SYSTEM CONTROL NUMBER
System control number (TR-AnTOB)200001391
040 ## - CATALOGING SOURCE
Original cataloging agency TR-AnTOB
Language of cataloging eng
Description conventions rda
Transcribing agency TR-AnTOB
041 0# - LANGUAGE CODE
Language code of text/sound track or separate title Türkçe
050 14 - LIBRARY OF CONGRESS CALL NUMBER
Classification number KKX3800
Item number .Ö9342 2010
090 ## - LOCALLY ASSIGNED LC-TYPE CALL NUMBER (OCLC); LOCAL CALL NUMBER (RLIN)
Classification number (OCLC) (R) ; Classification number, CALL (RLIN) (NR) KKX3800
Local cutter number (OCLC) ; Book number/undivided call number, CALL (RLIN) .Ö9342 2010
100 1# - MAIN ENTRY--PERSONAL NAME
Personal name Özbek, Veli Özer
Relator term author
9 (RLIN) 73112
245 10 - TITLE STATEMENT
Title Ceza hukuku bilgisi :
Remainder of title (genel hükümler) /
Statement of responsibility, etc. Prof. Dr. Veli Özer Özbek, Yrd. Doç. Dr. M. Nihat Kanbur, Arş. Gör. Pınar Bacaksız, Arş. Gör. Koray Doğan, Arş. Gör. İlker Tepe.
250 ## - EDITION STATEMENT
Edition statement Genişletilmiş 2. baskı.
264 #1 - PRODUCTION, PUBLICATION, DISTRIBUTION, MANUFACTURE, AND COPYRIGHT NOTICE
Place of production, publication, distribution, manufacture Ankara. :
Name of producer, publisher, distributor, manufacturer Seçkin.,
Date of production, publication, distribution, manufacture, or copyright notice 2010.
300 ## - PHYSICAL DESCRIPTION
Extent 462 pages ;
Dimensions 20 cm
336 ## - CONTENT TYPE
Content type term text
Content type code txt
Source rdacontent
337 ## - MEDIA TYPE
Media type term unmediated
Media type code n
Source rdamedia
338 ## - CARRIER TYPE
Carrier type term volume
Carrier type code nc
Source rdacarrier
490 0# - SERIES STATEMENT
Series statement Hukuk Kitapları Dizisi ;
Volume/sequential designation 761
504 ## - BIBLIOGRAPHY, ETC. NOTE
Bibliography, etc. note Includes bibliographical references and index.
650 #7 - SUBJECT ADDED ENTRY--TOPICAL TERM
Topical term or geographic name entry element Ceza hukuku
Geographic subdivision Türkiye
Source of heading or term etuturkob
9 (RLIN) 48989
Topical term or geographic name entry element Ceza hukuku
9 (RLIN) 58325
700 1# - ADDED ENTRY--PERSONAL NAME
Personal name Kanbur, M. Nihat
Relator term author
9 (RLIN) 102727
Personal name Bacaksız, Pınar
Relator term author
9 (RLIN) 117284
Personal name Doğan, Koray
Relator term author
9 (RLIN) 69660
Personal name Tepe, İlker
Relator term author
9 (RLIN) 102725
942 ## - ADDED ENTRY ELEMENTS (KOHA)
Source of classification or shelving scheme Library of Congress Classification
Koha item type Book
Holdings
Withdrawn status Lost status Source of classification or shelving scheme Not for loan Collection code Home library Current library Shelving location Date acquired Source of acquisition Cost, normal purchase price Serial Enumeration / chronology Inventory number Total Checkouts Total Holds Full call number Barcode Date last seen Date last checked out Copy number Cost, replacement price Date shelved Koha item type
    Other/Generic Classification Scheme Ödünç Verilebilir / Available Genel Koleksiyon Merkez Kütüphane Merkez Kütüphane Genel Koleksiyon / Main Collection 15/07/2010 Satın Alma / Purchase 0.00 1 HUK 8   KKX3800 .Ö9342 2010 0034313 28/06/2018 07/06/2018 1 14.44 02/07/2010 Book
Devinim Yazılım Eğitim Danışmanlık tarafından Koha'nın orjinal sürümü uyarlanarak geliştirilip kurulmuştur.